| 000 | 00371nam a2200109Ia 4500 | ||
|---|---|---|---|
| 008 | 160909s9999 xx 000 0 und d | ||
| 100 | _aLafontant, Marie-Paule | ||
| 245 | _aExploring nurses' feelings on floating: A phenomenological study | ||
| 260 |
_bUniversity of Phoenix _c2016 |
||
| 650 | _aNursing | ||
| 856 | _uhttp://pqdtopen.proquest.com/doc/1786671612.html?FMT=ABS | ||
| 999 |
_c303878 _d303878 |
||